000 00258nam a2200109Ia 4500
008 190216s9999||||xx |||||||||||||| ||und||
100 _aMuhamed Puzhakara
245 0 _aPallak Chumakkunnavar
260 _bVictory Book Bouse
650 _aNadakam
942 _cBK
999 _c26489
_d26489